Информационно-телекоммуникационная система поддержки принятия решений диспетчерским персоналом электрэнергетической системы; Информационные и математические технологии в науке и управлении; Ч. 1

Библиографические подробности
Источник:Информационные и математические технологии в науке и управлении: труды XX Байкальской Всероссиийской конференции с международным участием, 29 июня - 7 июля 2015, Иркутск : в 3 ч..— , 2015
Ч. 1.— 2015.— C. 91-98
Главный автор: Боровиков Ю. С. Юрий Сергеевич
Автор-организация: Национальный исследовательский Томский политехнический университет (ТПУ) Энергетический институт (ЭНИН) Кафедра электроэнергетических систем (ЭЭС)
Другие авторы: Гусев А. С. Александр Сергеевич, Сулайманов А. О. Алмаз Омурзакович
Примечания:An analytical review of existing information and telecommunication systems of support of decision-making control personnel of electric power systems (its CPD DPAS). The analysis of possible areas of research in the development of its CPD DPAS. As a key component of its CPD DPAS allocated dynamic simulation of electric power systems. Theoretically, the choice, as a major, complex (hybrid)approach to the creation of its CPD DPAS that allows you to develop and implement for each significant aspect of the problem of establishing such a system are the most effective methods, ways and means, the aggregation of which ensures its successful solution in General. In line with this approach, proposed and considered two possible ways of constructing its CPD DPAS.
В фонде НТБ ТПУ отсутствует
Язык:русский
Опубликовано: 2015
Предметы:
Формат: Статья
Запись в KOHA:https://koha.lib.tpu.ru/cgi-bin/koha/opac-detail.pl?biblionumber=602284

MARC

LEADER 00000naa0a2200000 4500
001 602284
005 20250909141059.0
035 |a (RuTPU)RU\TPU\tpu\27836 
035 |a RU\TPU\tpu\26468 
090 |a 602284 
100 |a 20150929d2015 k y0rusy50 ca 
101 0 |a rus 
102 |a RU 
200 1 |a Информационно-телекоммуникационная система поддержки принятия решений диспетчерским персоналом электрэнергетической системы  |f Ю. С. Боровиков, А. С. Гусев, А. О. Сулайманов 
330 |a An analytical review of existing information and telecommunication systems of support of decision-making control personnel of electric power systems (its CPD DPAS). The analysis of possible areas of research in the development of its CPD DPAS. As a key component of its CPD DPAS allocated dynamic simulation of electric power systems. Theoretically, the choice, as a major, complex (hybrid)approach to the creation of its CPD DPAS that allows you to develop and implement for each significant aspect of the problem of establishing such a system are the most effective methods, ways and means, the aggregation of which ensures its successful solution in General. In line with this approach, proposed and considered two possible ways of constructing its CPD DPAS. 
333 |a В фонде НТБ ТПУ отсутствует 
461 1 |t Информационные и математические технологии в науке и управлении  |o труды XX Байкальской Всероссиийской конференции с международным участием, 29 июня - 7 июля 2015, Иркутск : в 3 ч.  |d 2015 
463 1 |t Ч. 1  |v C. 91-98  |d 2015 
610 1 |a труды учёных ТПУ 
700 1 |a Боровиков  |b Ю. С.  |c специалист в области электроэнергетики  |c проректор-директор Энергетического института Томского политехнического университета, кандидат технических наук  |f 1978-  |g Юрий Сергеевич  |3 (RuTPU)RU\TPU\pers\27067 
701 1 |a Гусев  |b А. С.  |c специалист в области электроэнергетики  |c профессор Томского политехнического университета, доктор технических наук  |f 1947-  |g Александр Сергеевич  |3 (RuTPU)RU\TPU\pers\26725 
701 1 |a Сулайманов  |b А. О.  |c специалист в области электроэнергетики  |c доцент Томского политехнического университета, кандидат технических наук  |f 1967-  |g Алмаз Омурзакович  |3 (RuTPU)RU\TPU\pers\25326  |9 11308 
712 0 2 |a Национальный исследовательский Томский политехнический университет (ТПУ)  |b Энергетический институт (ЭНИН)  |b Кафедра электроэнергетических систем (ЭЭС)  |3 (RuTPU)RU\TPU\col\18675 
801 1 |a RU  |b 63413507  |c 20141226 
801 2 |a RU  |b 63413507  |c 20160330  |g RCR 
942 |c BK